LEADER 00890nam a2200229 i 4500 001 000000200884 003 CaOOAMICUS 005 20110415000000.0 008 110415s2009 it u000 u ita u 013 $a179585 040 $aSeMil$bita 100 1 $aTammaro, Riccardo.$0(OLS)http://semarc/name/72632 245 10$aBorghi e cascine della zona 4 /$cRiccardo Tammaro ; a cura di Vito Redaelli. 260 $aMilano :$bQuattro,$c2009. 300 $a98 p. :$bill. ;$c24 cm. 650 4$aMilano - Municipio 4.$0(OLS)http://semarc/subject/37724 700 1 $aRedaelli, Vito.$0(OLS)http://semarc/name/72633 850 $aSeMil 852 $aSeMil$W1$xVenegono$y1$m3O I 53$j151413$B151413$CSeMilBibl$Z2$F165807 $81 961 $aOmaggio: Altro 996 $6245$aBorghi e cascine della zona 4$9(OLS)http://semarc/title/290595 996 $6260$aMilano :$bQuattro$9(OLS)http://semarc/publisher/51538 LEADER 01412nam a2200301 i 4500 001 000000080841 003 CaOOAMICUS 005 20171127000000.0 008 171127s2017 it u000 u ita u 013 $a53079 020 $a978-88-8166-412-2 040 $aSeMil$bita 100 1 $aBianchi, Sara <1968-2013>.$0(OLS)http://semarc/name/91529 245 13$aIl lieto annunzio del Bocco :$bla Madonna che dimenticava il rosario a casa /$cSara e Giovanni Bianchi. 260 $aSotto il Monte (BG) :$bServitium,$c2017. 300 $a235 p. ;$c19 cm. 490 0 $aQuaderni di ricerca ;$v115 500 $aCon dedica. 650 4$aSanta Margherita di Staffora - Casanova di Sinistra - Santuario Madonna del Bocco.$0(OLS)http://semarc/subject/45368 650 4$aVolpini, Angela .$0(OLS)http://semarc/subject/45369 700 1 $aBianchi, Giovanni.$0(OLS)http://semarc/name/91530 830 0$aQuaderni di ricerca ;$v115.$0(OLS)http://semarc/title/10452 850 $aSeMil 852 $aSeMil$W1$xVenegono$y1$m2L II 390$j46215$B46215$CSeMilBibl$Z2$F48438 $81 961 $aOmaggio: Delpini mons. Mario 996 $6020$a978-88-8166-412-2$9(OLS)http://semarc/number/270878 996 $6245$aIl lieto annunzio del Bocco :$bla Madonna che dimenticava il rosario a casa$9(OLS)http://semarc/title/404178 996 $6260$aSotto il Monte (BG) :$bServitium$9(OLS)http://semarc/publisher/32220